000 00264nam a2200097Ia 4500
001 1250463
005 20251031150856.0
008 251031s9999 xx 000 0 und d
245 0 _cARTHUR CONAN DOYLE
_aG-3 SHERLOCK HOLMES YARALI YÜZ
260 _bPORTAKAL YAYINLARI
999 _c1250463
_d1250463